header

The differential effects of oil demand and supply shocks on the global economy (Record no. 46425)

MARC details
000 -LEADER
fixed length control field 01259nam a2200313Ia 4500
100 1# - MAIN ENTRY--AUTHOR NAME
Personal name Cashin, Paul.
245 14 - TITLE STATEMENT
Title The differential effects of oil demand and supply shocks on the global economy
260 ## - PUBLICATION, DISTRIBUTION, ETC. (IMPRINT)
Place of publication Washington, D.C. :
Name of publisher International Monetary Fund,
Year of publication 2012.
300 ## - PHYSICAL DESCRIPTION
Number of Pages 39 p. :
Other physical details ill.
650 #0 - SUBJECT ADDED ENTRY--TOPICAL TERM
Topical Term Petroleum reserves
Topical Term Economics.
856 40 - ELECTRONIC LOCATION AND ACCESS
Uniform Resource Identifier http://site.ebrary.com/lib/rucke/Doc?id=10635358

No items available.

© 2026 Rongo University
Contact us: librarian | system librarian | Rongo university